|
|
|
|
| LEADER |
00000nam0a2200000 4500 |
| 001 |
304139 |
| 005 |
20231102001654.0 |
| 020 |
|
|
|a RU
|b 83-41167
|
| 035 |
|
|
|a (RuTPU)RU\TPU\book\329374
|
| 090 |
|
|
|a 304139
|
| 100 |
|
|
|a 20150910d1983 km y0rusy5003 ca
|
| 101 |
0 |
|
|a rus
|
| 102 |
|
|
|a RU
|
| 105 |
|
|
|a y z 001zd
|
| 200 |
1 |
|
|a Миф о смерти искусства. Эстетические идеи Франкфурттской школы от Беньямина до "новых левых"
|f В. Г. Арсланов
|g Академия художеств СССР (АХ СССР), Научно-исследовательский институт теории и истории изобразительных искусств
|
| 210 |
|
|
|a Москва
|c Искусство
|d 1983
|
| 215 |
|
|
|a 326 с.
|
| 320 |
|
|
|a Библиография в ссылках.
|
| 600 |
|
1 |
|a Адорно (Визенгрунд-Адорно)
|g Теодор Визенгрунд
|b Т. В.
|f 1903-1969
|c немецкий философ, социолог, музыковед
|2 stltpush
|3 (RuTPU)RU\TPU\pers\554
|
| 610 |
1 |
|
|a буржуазные теории
|
| 610 |
1 |
|
|a Франкфуртская школа
|
| 610 |
1 |
|
|a эстетические мысли
|
| 610 |
1 |
|
|a история
|
| 610 |
1 |
|
|a искусство
|
| 610 |
1 |
|
|a упадок
|
| 610 |
1 |
|
|a авангардизм
|
| 610 |
1 |
|
|a прекрасное
|
| 610 |
1 |
|
|a безобразное
|
| 610 |
1 |
|
|a модернизм
|
| 610 |
1 |
|
|a кризис
|
| 675 |
|
|
|a 7.01(104)(091)
|z rus
|v 3
|
| 700 |
|
1 |
|a Маркузе
|b Г.
|c немецко-американский философ
|c социолог
|f 1898-1979
|g Герберт
|2 stltpush
|3 (RuTPU)RU\TPU\pers\5961
|9 1172
|
| 712 |
0 |
2 |
|a Академия художеств СССР (АХ СССР)
|b Научно-исследовательский институт теории и истории изобразительных искусств
|c (Москва)
|2 stltpush
|3 (RuTPU)RU\TPU\col\11798
|
| 801 |
|
0 |
|a RU
|b RuMRKP
|c 19950704
|g psbo
|
| 801 |
|
1 |
|a RU
|b 63413507
|c 20150910
|
| 801 |
|
2 |
|a RU
|b 63413507
|c 20190626
|g RCR
|
| 942 |
|
|
|c BK
|